|
|
|
|
| LEADER |
00000nam0a2200000 4500 |
| 001 |
126266 |
| 005 |
20231031131813.0 |
| 010 |
|
|
|a 9785769208751
|
| 035 |
|
|
|a (RuTPU)RU\TPU\book\136600
|
| 090 |
|
|
|a 126266
|
| 100 |
|
|
|a 20071126d2007 k y0rusy50 ca
|
| 101 |
0 |
|
|a rus
|
| 102 |
|
|
|a RU
|
| 105 |
|
|
|a a z 011zy
|
| 200 |
1 |
|
|a Закономерности распределения химических элементов в почвообразующих породах и почвах Западной Сибири
|f А. И. Сысо
|g Российская академия наук (РАН), Сибирское отделение (СО), Институт почвоведения и агрохимии ; под ред. И. М. Гаджиева
|
| 210 |
|
|
|a Новосибирск
|c Изд-во СО РАН
|d 2007
|
| 215 |
|
|
|a 277 с.
|c ил.
|
| 300 |
|
|
|a 50-летию СО РАН посвящается.
|
| 320 |
|
|
|a Список литературы: с. 252-274.
|
| 330 |
|
|
|a В монографии рассмотрено влияние разных природных факторов на содержание и распределение макро- и микроэлементов в почвообразующих породах и почвах Западной Сибири. Показана роль их генезиса, дифференциации исходного материала по гранулометрическому, минеральному и химическому составам, специфика концентрации химических элементов в продуктах разрушения кор выветривания горных областей сноса и древних осадках аккумулятивных бассейнов. Приведены результаты использования литохимических и геохимических индикаторов для выяснения климатических и геохимических условий формирования элементного химического состава почвообразующих пород и почв. Книга представляет интерес для широкого круга специалистов — почвоведов, биологов, географов, геологов, агрохимиков, медиков, занимающихся решением проблем окружающей среды.
|
| 610 |
1 |
|
|a почвоведение
|
| 610 |
1 |
|
|a почва
|
| 610 |
1 |
|
|a Западная Сибирь
|
| 610 |
1 |
|
|a микроэлементы
|
| 610 |
1 |
|
|a химический состав
|
| 610 |
1 |
|
|a история
|
| 610 |
1 |
|
|a почвообразующие породы
|
| 610 |
1 |
|
|a элементный состав
|
| 610 |
1 |
|
|a распределение
|
| 610 |
1 |
|
|a почвенно-геохимическая оценка
|
| 610 |
1 |
|
|a биогеохимическая оценка
|
| 675 |
|
|
|a 631.4
|v 3
|
| 700 |
|
1 |
|a Сысо
|b А. И.
|g Александр Иванович
|
| 702 |
|
1 |
|a Гаджиев
|b И. М.
|4 340
|
| 712 |
0 |
2 |
|a Российская академия наук (РАН)
|b Сибирское отделение (СО)
|b Институт почвоведения и агрохимии
|2 stltpush
|3 (RuTPU)RU\TPU\col\11995
|
| 801 |
|
1 |
|a RU
|b 63413507
|c 20071126
|g PSBO
|
| 801 |
|
2 |
|a RU
|b 63413507
|c 20150731
|g PSBO
|
| 942 |
|
|
|c BK
|
| 959 |
|
|
|a 84/20071126
|d 2
|e 305,00
|f АНЛ:1
|f ЧЗТЛ:1
|